La globalización económica desde los paradigmas del mercado y la solidaridad humana /
Zapisane w:
| 1. autor: | |
|---|---|
| Format: | Nieznany |
| Język: | Spanish |
| Wydane: |
San José, Costa Rica :
Editorial de la Universidad de Costa Rica,
2005.
|
| Seria: | Cuadernos de historia de la cultura
2 |
| Hasła przedmiotowe: | |
| Etykiety: |
Dodaj etykietę
Nie ma etykietki, Dołącz pierwszą etykiete!
|
MARC
| LEADER | 000000000a22000000004500 | ||
|---|---|---|---|
| 001 | 009967 | ||
| 008 | 180214b xxu||||| |||| 00| 0 spa d | ||
| 020 | |a 9977677522 | ||
| 041 | 0 | |a spa | |
| 082 | 0 | 4 | |a 337 |b C764g |
| 100 | 1 | |a Contreras Álvarez, Gerardo, |d 1954- | |
| 245 | 1 | 3 | |a La globalización económica desde los paradigmas del mercado y la solidaridad humana / |c Gerardo Contreras Álvarez. |
| 260 | 1 | |a San José, Costa Rica : |b Editorial de la Universidad de Costa Rica, |c 2005. | |
| 300 | |a 37 páginas | ||
| 490 | |a Cuadernos de historia de la cultura |v 2 | ||
| 650 | 4 | |a COMPETENCIA ECONOMICA INTERNACIONAL | |
| 650 | 4 | |a ASPECTOS ECONOMICOS | |
| 650 | 4 | |a ENSAYOS | |
| 650 | 4 | |a CONFERENCIAS | |
| 650 | 4 | |a SOLIDARIDAD | |
| 650 | 4 | |a DESARROLLO SOCIAL | |
| 650 | 4 | |a POLITICA ECONOMICA | |
| 942 | |c BK |2 ddc | ||
| 999 | |c 15949 |d 15949 | ||



